000 00662nam a2200277Ia 4500
005 20260324130813.0
008 008 260324s9999 xx 000 0 eng d
020 _a9781315590691
037 _aEBOOK
040 _aCRL
040 _beng
040 _cCRL
041 _2eng
041 _aeng
084 _qCRL
100 _aHarald E. Braun
_91183146
245 0 _aJuan de Mariana and Early Modern Spanish Political Thought
260 _bTaylor and Francis
260 _c2007
365 _a
365 _b240
856 _uhttp://www.taylorfrancis.com/books/9781315590691
942 _cEBOOK
999 _c1779666
_d1779666